000 00339pab a2200145 454500
008 180718b1985 xxu||||| |||| 00| 0 eng d
100 _aDuncan, Graene
245 _aA criss of social democracy
260 _c1985
300 _a267-81
362 _aSummer
650 _aDemocracy - U.K.
773 _aParliamentary Affairs
909 _a7244
999 _c7244
_d7244